| 000 | 00647nam a2200181Ia 4500 | ||
|---|---|---|---|
| 008 | 090630s9999 xx 000 0 und d | ||
| 082 | _b19775 | ||
| 100 | _aनाडकर्णी सुरेश. | ||
| 245 |
_aद्रोणाचार्य. _cनाडकर्णी सुरेश. |
||
| 260 |
_bज्ञानयज्ञ - डोंबिवली. _c2000 |
||
| 300 | _a78 | ||
| 600 | _aनाडकर्णी सुरेश. | ||
| 630 | _aद्रोणाचार्य. | ||
| 655 | _aइतर. | ||
| 700 | _aनाडकर्णी सुरेश. | ||
| 730 | _aद्रोणाचार्य. | ||
| 942 | _cBOOK | ||
| 999 |
_c271631 _d271631 |
||